State personnel derectors and the detemmas of workforce 2000: a survey (Record no. 22807)

000 -LEADER
fixed length control field 00439pab a2200145 454500
008 - FIXED-LENGTH DATA ELEMENTS--GENERAL INFORMATION
fixed length control field 180718b xxu||||| |||| 00| 0 eng d
100 ## - MAIN ENTRY--PERSONAL NAME
Personal name Hays, Steven W.
245 ## - TITLE STATEMENT
Title State personnel derectors and the detemmas of workforce 2000: a survey
650 ## - SUBJECT ADDED ENTRY--TOPICAL TERM
Topical term or geographic name entry element Personnel, Public
650 ## - SUBJECT ADDED ENTRY--TOPICAL TERM
Topical term or geographic name entry element Directors
650 ## - SUBJECT ADDED ENTRY--TOPICAL TERM
Topical term or geographic name entry element Personnel - Peblic - Service Rating
700 ## - ADDED ENTRY--PERSONAL NAME
Personal name Kearney, Richard C.
773 ## - HOST ITEM ENTRY
Main entry heading Public Administration Review
909 ## -
-- 22807
Holdings
Withdrawn status Lost status Damaged status Not for loan Permanent Location Current Location Date acquired Serial Enumeration / chronology Barcode Date last seen Price effective from Koha item type
        Indian Institute of Public Administration Indian Institute of Public Administration 2018-07-19 Issue no: 52(4) Jul.-Aug.92, p.380-8 AR22876 2018-07-19 2018-07-19 Articles

Powered by Koha